[Event "CAN-op"]
[Site "Edmonton CAN"]
[Date "2005.07.17"]
[Round "10.75"]
[White "Panjwani, Dilip"]
[Black "Hendon, Lee"]
[Result "1-0"]
[WhiteElo "1662"]
[BlackElo "1544"]
[PlyCount "49"]
[GameId "2160767910902257"]
[EventDate "2005.07.09"]
[EventType "swiss"]
[EventRounds "10"]
[EventCountry "CAN"]

1. e4 c5 2. c4 e6 3. Nc3 Nc6 4. g3 Nge7 5. Bg2 Ng6 6. f4 Bd6 7. Nge2 b6 8. d4 cxd4 9. Nxd4 Nxd4 10. Qxd4 Qc7 11. Nb5 Bb4+ 12. Bd2 Bxd2+ 13. Kxd2 Qc5 14. Qxc5 bxc5 15. Nc7+ Kd8 16. Nxa8 Bb7 17. Kc3 Bxa8 18. Rad1 f5 19. Rhe1 Ne7 20. Rd6 Kc7 21. Ra6 Nc6 22. a3 Rb8 23. e5 Bb7 24. Ra4 Nd4 25. Rxa7 1-0

[Event "CAN-op"]
[Site "Edmonton CAN"]
[Date "2005.07.17"]
[Round "10.77"]
[White "Pivovarov, Juraj"]
[Black "Hagan, Jeff"]
[Result "1/2-1/2"]
[WhiteElo "1615"]
[BlackElo "1538"]
[PlyCount "90"]
[GameId "2160767910902258"]
[EventDate "2005.07.09"]
[EventType "swiss"]
[EventRounds "10"]
[EventCountry "CAN"]

1. c4 c5 2. g3 Nc6 3. Bg2 Qc7 4. Nc3 Nf6 5. Nf3 a6 6. O-O g6 7. d4 cxd4 8. Nxd4 Bg7 9. Nf3 d6 10. Bd2 Bf5 11. Rc1 Qd7 12. Re1 Bh3 13. Bh1 O-O 14. Nd5 Nxd5 15. cxd5 Ne5 16. Bc3 Nxf3+ 17. Bxf3 Rac8 18. Bxg7 Rxc1 19. Qxc1 Kxg7 20. Qc3+ f6 21. Rc1 Rc8 22. Qxc8 Qxc8 23. Rxc8 Bxc8 24. Be4 a5 25. f4 b6 26. Kf2 Kf7 27. Ke3 Ke8 28. Kd4 Kd8 29. Bd3 Kc7 30. Bb5 Kd8 31. e4 g5 32. e5 dxe5+ 33. fxe5 f5 34. e6 f4 35. gxf4 gxf4 36. Ke5 f3 37. d6 f2 38. d7 Bb7 39. Bf1 Bf3 40. a3 h5 41. h4 Kc7 42. Kf4 Bg4 43. Ke5 Bf3 44. Kf4 Bg4 45. Ke5 Bf3 1/2-1/2

[Event "CAN-op"]
[Site "Edmonton CAN"]
[Date "2005.07.17"]
[Round "10.78"]
[White "Culjaga, Marko"]
[Black "MacLeod, Damon"]
[Result "0-1"]
[WhiteElo "1435"]
[BlackElo "1601"]
[PlyCount "42"]
[GameId "2160767910902259"]
[EventDate "2005.07.09"]
[EventType "swiss"]
[EventRounds "10"]
[EventCountry "CAN"]

1. e4 e5 2. f4 Bc5 3. Nf3 d6 4. c3 Bg4 5. Bc4 Nc6 6. h3 Bxf3 7. Qxf3 Nf6 8. d3 Qd7 9. Be3 O-O-O 10. b4 Bxe3 11. Qxe3 exf4 12. Qxf4 d5 13. exd5 Rhe8+ 14. Kf2 Nxd5 15. Qg3 Qf5+ 16. Qf3 Qe5 17. Bxd5 Rxd5 18. d4 Nxd4 19. cxd4 Qxd4+ 20. Kg3 Re3 21. Kh2 Rxf3 0-1

[Event "CAN-op"]
[Site "Edmonton CAN"]
[Date "2005.07.17"]
[Round "10.79"]
[White "White, Chris"]
[Black "Blackwell, Ross"]
[Result "0-1"]
[WhiteElo "1597"]
[BlackElo "1476"]
[PlyCount "86"]
[GameId "2160767910902260"]
[EventDate "2005.07.09"]
[EventType "swiss"]
[EventRounds "10"]
[EventCountry "CAN"]

1. d4 d5 2. Nf3 Nf6 3. c4 g6 4. Nc3 Bg7 5. e3 O-O 6. Be2 Nc6 7. O-O b6 8. Bd2 Ba6 9. Qa4 Bb7 10. Rac1 a5 11. Rc2 Nb4 12. Rcc1 e6 13. a3 Na6 14. Rfd1 Rc8 15. Nb5 c5 16. Bc3 Ne4 17. Ne5 Nxc3 18. bxc3 Bxe5 19. dxe5 Qe8 20. Qb3 Rd8 21. Qb2 dxc4 22. Bxc4 Qc6 23. Bf1 Rd7 24. Rxd7 Qxd7 25. Nd6 Qc6 26. Rb1 Nc7 27. Nxb7 Qxb7 28. Qxb6 Qxb6 29. Rxb6 Nd5 30. Ra6 Nxc3 31. Rxa5 Rc8 32. f3 c4 33. Kf2 Nb1 34. Ke1 c3 35. Kd1 c2+ 36. Kc1 Rc3 37. a4 Na3 38. Ra8+ Kg7 39. Rd8 Rxe3 40. Kd2 Re1 41. Kxe1 c1=Q+ 42. Rd1 Qe3+ 43. Be2 Qxe5 0-1

[Event "CAN-op"]
[Site "Edmonton CAN"]
[Date "2005.07.17"]
[Round "10.80"]
[White "MacKinnon, Keith"]
[Black "Boot, Steven"]
[Result "1-0"]
[WhiteElo "1592"]
[BlackElo "1382"]
[PlyCount "131"]
[GameId "2160767910902261"]
[EventDate "2005.07.09"]
[EventType "swiss"]
[EventRounds "10"]
[EventCountry "CAN"]

1. e4 e5 2. Nf3 Nc6 3. Bb5 Nge7 4. O-O d6 5. c3 Bg4 6. h3 Bh5 7. d3 h6 8. Nbd2 a6 9. Ba4 Qd7 10. Re1 O-O-O 11. Nf1 f5 12. Ne3 fxe4 13. dxe4 Qe6 14. Nd5 g5 15. Bb3 Qg6 16. g4 Bxg4 17. hxg4 h5 18. Nxg5 hxg4 19. Qxg4+ Kb8 20. Qg2 Rg8 21. Nxe7 Bxe7 22. Bf7 Qxg5 23. Bxg5 Rxg5 24. Bd5 Rh8 25. Re3 Rxg2+ 26. Kxg2 Bg5 27. Rg3 Bf4 28. Rg8+ Rxg8+ 29. Bxg8 b5 30. Rh1 Ka7 31. Kf3 Kb6 32. Rh7 b4 33. Ke2 bxc3 34. bxc3 Na5 35. Kd3 Nb7 36. Kc4 Nc5 37. f3 c6 38. Rg7 Na4 39. Rd7 Nb2+ 40. Kb3 Nd3 41. Rxd6 Ne1 42. Bd5 Nxf3 43. Rxc6+ Kb5 44. a4+ Ka5 45. Bc4 Nd2+ 46. Kc2 Nxc4 47. Rxc4 Kb6 48. Kd3 a5 49. Rc8 Kb7 50. Re8 Kb6 51. Kc4 Bg3 52. Kd5 Be1 53. c4 Bc3 54. Rxe5 Bxe5 55. c5+ Kc7 56. Kxe5 Kc6 57. Ke6 Kxc5 58. e5 Kb4 59. Kd7 Kxa4 60. e6 Kb4 61. e7 a4 62. e8=Q a3 63. Qb8+ Kc3 64. Qb1 Kc4 65. Kc6 Kc3 66. Kc5 1-0

[Event "CAN-op"]
[Site "Edmonton CAN"]
[Date "2005.07.17"]
[Round "10.81"]
[White "Tomaras, Ioannis"]
[Black "Cannon, Farley"]
[Result "0-1"]
[WhiteElo "1680"]
[BlackElo "1432"]
[PlyCount "80"]
[GameId "2160767910902262"]
[EventDate "2005.07.09"]
[EventType "swiss"]
[EventRounds "10"]
[EventCountry "CAN"]

1. e4 e5 2. f4 d6 3. Nf3 Nc6 4. Bc4 Be7 5. O-O Nf6 6. d3 Be6 7. Bxe6 fxe6 8. Ng5 Qd7 9. c3 h6 10. Nf3 exf4 11. Bxf4 e5 12. Bg3 O-O-O 13. b4 Ng4 14. Qb3 Bg5 15. a4 Be3+ 16. Kh1 Qe7 17. Na3 h5 18. h4 g5 19. Nc4 Bf4 20. Bxf4 gxf4 21. b5 Nb8 22. a5 Nd7 23. b6 Nc5 24. Qb1 a6 25. bxc7 Qxc7 26. Nb6+ Kb8 27. Ng5 Rhg8 28. Nd5 Qd7 29. Ra2 Ne6 30. Nf3 Nc7 31. Nxc7 Qxc7 32. Qb3 Rg7 33. Ng5 Qe7 34. Rf3 Rdg8 35. Qb2 Ne3 36. Qc1 Qd7 37. Qe1 Qg4 38. Qf2 d5 39. Rd2 Qc8 40. Kh2 Ng4+ 0-1

[Event "CAN-op"]
[Site "Edmonton CAN"]
[Date "2005.07.17"]
[Round "10.82"]
[White "Sullivan, Brian"]
[Black "Meller, Caleb"]
[Result "1-0"]
[WhiteElo "1674"]
[BlackElo "1365"]
[PlyCount "37"]
[GameId "2160767910902263"]
[EventDate "2005.07.09"]
[EventType "swiss"]
[EventRounds "10"]
[EventCountry "CAN"]

1. e4 e5 2. Nf3 Nc6 3. d4 exd4 4. Nxd4 Nxd4 5. Qxd4 h6 6. Nc3 d6 7. Bc4 Be6 8. O-O Bxc4 9. Qxc4 Nf6 10. Be3 Be7 11. Rad1 O-O 12. e5 Ne8 13. f4 Qb8 14. Nd5 Bh4 15. f5 f6 16. Ne7+ Kh7 17. Ng6 Rg8 18. Qxh4 dxe5 19. Rd7 1-0

[Event "CAN-op"]
[Site "Edmonton CAN"]
[Date "2005.07.17"]
[Round "10.83"]
[White "Laboucane, Randy"]
[Black "Palcic, Branko"]
[Result "1/2-1/2"]
[WhiteElo "1626"]
[BlackElo "1433"]
[PlyCount "81"]
[GameId "2160767910902264"]
[EventDate "2005.07.09"]
[EventType "swiss"]
[EventRounds "10"]
[EventCountry "CAN"]

1. d4 e6 2. c4 f5 3. Nc3 Nf6 4. g3 Be7 5. Bg2 O-O 6. Nh3 c6 7. Nf4 d6 8. Nd3 Nbd7 9. e3 e5 10. dxe5 dxe5 11. e4 fxe4 12. Nxe4 Nxe4 13. Bxe4 Nf6 14. Bg2 e4 15. Nf4 Qxd1+ 16. Kxd1 Bg4+ 17. Kc2 Rad8 18. Be3 b6 19. h3 Bc8 20. Rad1 c5 21. Nd5 Nxd5 22. cxd5 Bf5 23. g4 Bg6 24. h4 h6 25. b3 Rd6 26. Rd2 Rfd8 27. h5 Bh7 28. Rhd1 R6d7 29. Bf1 Bd6 30. Bb5 Re7 31. Kc1 Rf7 32. Rg1 Rdf8 33. g5 hxg5 34. Rxg5 Bf4 35. Bxf4 Rxf4 36. h6 Rxf2 37. Rxg7+ Kh8 38. Rxf2 Rxf2 39. d6 Rf6 40. d7 Rd6 41. Re7 1/2-1/2

[Event "CAN-op"]
[Site "Edmonton CAN"]
[Date "2005.07.17"]
[Round "10.84"]
[White "Camphaug, Lincoln"]
[Black "O'Brien, Sandy"]
[Result "1-0"]
[WhiteElo "1602"]
[BlackElo "1392"]
[PlyCount "47"]
[GameId "2160767910967801"]
[EventDate "2005.07.09"]
[EventType "swiss"]
[EventRounds "10"]
[EventCountry "CAN"]

1. e4 e5 2. Nf3 Nc6 3. Bb5 a6 4. Ba4 Nf6 5. O-O b5 6. Bb3 Be7 7. Re1 d5 8. exd5 Nxd5 9. Nxe5 Nxe5 10. Rxe5 c6 11. d4 O-O 12. c3 Bd6 13. Re1 Qh4 14. g3 Qh3 15. a4 Bg4 16. Qd3 b4 17. c4 Nf6 18. Be3 Bf3 19. Qf1 Qh5 20. Nd2 Bg4 21. h4 Rfe8 22. Qg2 Bf5 23. Qxc6 Be7 24. Bg5 1-0

[Event "CAN-op"]
[Site "Edmonton CAN"]
[Date "2005.07.17"]
[Round "10.86"]
[White "Meller, Kenneth"]
[Black "Breel, Kevin"]
[Result "0-1"]
[WhiteElo "1367"]
[BlackElo "1544"]
[PlyCount "42"]
[GameId "2160767910967802"]
[EventDate "2005.07.09"]
[EventType "swiss"]
[EventRounds "10"]
[EventCountry "CAN"]

1. e4 c6 2. d3 d5 3. exd5 cxd5 4. d4 Nc6 5. Be3 Bf5 6. a3 e6 7. Bd3 Bxd3 8. Qxd3 Nge7 9. Nf3 Nf5 10. O-O Bd6 11. Nc3 Nxe3 12. fxe3 O-O 13. e4 dxe4 14. Nxe4 Be7 15. c3 Rc8 16. Qb5 Na5 17. Qh5 Qd5 18. Ne5 f6 19. Ng5 fxg5 20. Rf7 Bf6 21. Rxf8+ Rxf8 0-1

[Event "CAN-op"]
[Site "Edmonton CAN"]
[Date "2005.07.17"]
[Round "10.87"]
[White "Longson, Stan"]
[Black "Roberts, Richard"]
[Result "1-0"]
[WhiteElo "1322"]
[BlackElo "1533"]
[PlyCount "63"]
[GameId "2160767910967803"]
[EventDate "2005.07.09"]
[EventType "swiss"]
[EventRounds "10"]
[EventCountry "CAN"]

1. e4 e5 2. Nc3 Bb4 3. Nf3 Bxc3 4. bxc3 d6 5. d4 Bg4 6. Bc4 Bxf3 7. Qxf3 f6 8. Bxg8 Rxg8 9. Qh5+ Ke7 10. Qxh7 Qf8 11. Ba3 Rh8 12. Qf5 Nd7 13. f4 Qg8 14. fxe5 g6 15. exf6+ Kd8 16. Qf3 Qh7 17. O-O-O Qh6+ 18. Kb1 Qg5 19. e5 Rf8 20. Qg3 Qh5 21. Rhf1 Qe2 22. Qxg6 Qb5+ 23. Ka1 Qc4 24. Qd3 Qd5 25. g3 b5 26. Rde1 Kc8 27. Qe4 Qxe4 28. Rxe4 Kb7 29. f7 c5 30. e6 d5 31. Ree1 Nb6 32. Bxc5 1-0

[Event "CAN-op"]
[Site "Edmonton CAN"]
[Date "2005.07.17"]
[Round "10.88"]
[White "Thomas, Derek"]
[Black "Steer, David"]
[Result "0-1"]
[WhiteElo "1300"]
[BlackElo "1532"]
[PlyCount "64"]
[GameId "2160767910967804"]
[EventDate "2005.07.09"]
[EventType "swiss"]
[EventRounds "10"]
[EventCountry "CAN"]

1. c4 Nf6 2. Nc3 c5 3. e4 Nc6 4. Nf3 d6 5. d3 Bg4 6. Be2 h6 7. b3 e6 8. O-O Be7 9. h3 Bxf3 10. Bxf3 Nd7 11. Qe2 Bf6 12. Bb2 Nd4 13. Qd1 a6 14. Be2 O-O 15. f4 b5 16. cxb5 axb5 17. Bg4 Nc6 18. Rb1 Qb6 19. Kh1 Bd4 20. Ne2 Rxa2 21. Bxd4 Nxd4 22. Nxd4 cxd4 23. f5 e5 24. b4 Nf6 25. Be2 Rc8 26. Rc1 Rxc1 27. Qxc1 Rxe2 28. Rf3 Qb7 29. Rg3 Nh5 30. Rg4 Nf4 31. g3 Nxd3 32. Qxh6 Nf2+ 0-1

[Event "CAN-op"]
[Site "Edmonton CAN"]
[Date "2005.07.17"]
[Round "10.89"]
[White "Enns, Edward"]
[Black "Chi, Megan"]
[Result "0-1"]
[WhiteElo "1245"]
[BlackElo "1502"]
[PlyCount "46"]
[GameId "2160767910967805"]
[EventDate "2005.07.09"]
[EventType "swiss"]
[EventRounds "10"]
[EventCountry "CAN"]

1. d4 d5 2. Nf3 Nf6 3. c4 e6 4. Nc3 Be7 5. e3 Nbd7 6. Bd3 dxc4 7. Bxc4 b6 8. O-O Bb7 9. Ne5 O-O 10. Bd3 c5 11. Ng4 Rc8 12. Bb1 h6 13. a4 Qc7 14. e4 cxd4 15. Nxf6+ Nxf6 16. Qxd4 Rfd8 17. Qe3 Qe5 18. f4 Qc7 19. Kh1 Qc4 20. Qf3 Bb4 21. e5 Bxf3 22. Rxf3 Bxc3 23. exf6 Rd1+ 0-1

[Event "CAN-op"]
[Site "Edmonton CAN"]
[Date "2005.07.17"]
[Round "10.92"]
[White "Wang, Hao"]
[Black "Reuter, Gerhard"]
[Result "0-1"]
[WhiteElo "1271"]
[BlackElo "1749"]
[PlyCount "66"]
[GameId "2160767910967807"]
[EventDate "2005.07.09"]
[EventType "swiss"]
[EventRounds "10"]
[EventCountry "CAN"]

1. d4 Nf6 2. c4 c5 3. d5 d6 4. Nc3 e6 5. e4 exd5 6. cxd5 g6 7. Bg5 Bg7 8. Qd2 Nbd7 9. Bd3 Ne5 10. Be2 h6 11. Bh4 O-O 12. h3 g5 13. Bg3 Re8 14. f4 gxf4 15. Qxf4 Bd7 16. a4 Nh5 17. Qe3 Nxg3 18. Qxg3 Ng6 19. Bd3 Be5 20. Qf2 Bd4 21. Qg3 Qh4 22. Nge2 Qxg3+ 23. Nxg3 Nf4 24. Bf1 f5 25. Bd3 Nxd3+ 26. Kd2 Nxb2 27. Rhe1 Bf2 28. Rf1 Bxg3 29. exf5 Re5 30. f6 Bf5 31. Nb5 Rxd5+ 32. Ke3 Rd3+ 33. Ke2 Re8# 0-1

[Event "CAN-op"]
[Site "Edmonton CAN"]
[Date "2005.07.17"]
[Round "10.93"]
[White "Greber, Caitlin"]
[Black "Dewindt, Cor"]
[Result "0-1"]
[WhiteElo "1060"]
[BlackElo "1414"]
[PlyCount "50"]
[GameId "2160767910967808"]
[EventDate "2005.07.09"]
[EventType "swiss"]
[EventRounds "10"]
[EventCountry "CAN"]

1. e4 c6 2. d4 d5 3. e5 Bf5 4. Nf3 e6 5. Bd3 Bxd3 6. cxd3 Nd7 7. O-O Rc8 8. Ng5 Be7 9. Qg4 Nh6 10. Qh5 Bxg5 11. Bxg5 Qb6 12. Bxh6 gxh6 13. Qxh6 Qxb2 14. Nd2 Qxd4 15. Nf3 Qxd3 16. Rad1 Qg6 17. Qxg6 hxg6 18. Rb1 a6 19. Rxb7 Ke7 20. Ra7 Ra8 21. Rc7 Rhb8 22. Nd4 Kd8 23. Rxc6 Nxe5 24. Rc5 Rb2 25. Re1 Nd3 0-1

[Event "CAN-op"]
[Site "Edmonton CAN"]
[Date "2005.07.17"]
[Round "10.94"]
[White "Greber, Carter"]
[Black "Lawson, Bianca"]
[Result "1/2-1/2"]
[WhiteElo "1265"]
[BlackElo "1327"]
[PlyCount "62"]
[GameId "2160767910967809"]
[EventDate "2005.07.09"]
[EventType "swiss"]
[EventRounds "10"]
[EventCountry "CAN"]

1. e4 e5 2. Nf3 Nc6 3. Bb5 Bc5 4. Bxc6 dxc6 5. O-O Bg4 6. h3 h5 7. d3 Qf6 8. Nbd2 O-O-O 9. Re1 Bxf3 10. Qxf3 Qxf3 11. Nxf3 f6 12. Be3 Bb6 13. Bxb6 axb6 14. Rad1 c5 15. c3 Ne7 16. d4 Nc6 17. dxe5 Nxe5 18. Nxe5 fxe5 19. Rxd8+ Rxd8 20. c4 Rd2 21. b3 Rxa2 22. Kf1 c6 23. Re2 Ra1+ 24. Re1 Ra3 25. Rb1 b5 26. cxb5 cxb5 27. Ke2 c4 28. b4 Rd3 29. g3 g5 30. f3 Rd6 31. Rf1 Rd4 1/2-1/2

[Event "CAN-op"]
[Site "Edmonton CAN"]
[Date "2005.07.17"]
[Round "10.96"]
[White "Meller, Jeremy"]
[Black "Mrugala, Jonathan"]
[Result "0-1"]
[WhiteElo "1143"]
[BlackElo "1367"]
[PlyCount "92"]
[GameId "2160767910967811"]
[EventDate "2005.07.09"]
[EventType "swiss"]
[EventRounds "10"]
[EventCountry "CAN"]

1. e4 c6 2. c4 e6 3. Nc3 d5 4. d3 Nd7 5. cxd5 cxd5 6. exd5 exd5 7. Nxd5 Nc5 8. Nf3 Qxd5 9. Be2 Nf6 10. O-O Bd6 11. g3 O-O 12. Re1 Bg4 13. d4 Ne6 14. Be3 Rfe8 15. Ne5 Bxe2 16. Rxe2 Bxe5 17. dxe5 Qxe5 18. Bd4 Qxd4 19. Qxd4 Nxd4 20. Rxe8+ Rxe8 21. h4 Ng4 22. Rd1 Ne2+ 23. Kg2 f6 24. a4 f5 25. Rd2 Nc1 26. Rd5 g6 27. Rd4 Re2 28. Rf4 Nd3 29. Rxg4 fxg4 30. b3 Rxf2+ 31. Kg1 Rb2 32. Kf1 Rxb3 33. Ke2 Nc5 34. a5 Rxg3 35. Kd2 Nb3+ 36. Ke2 Nxa5 37. Kf2 Ra3 38. Kg2 b5 39. Kf2 b4 40. Ke2 b3 41. Kd2 b2 42. Kc2 Nc4 43. Kd1 g3 44. Ke2 b1=Q 45. h5 Qb2+ 46. Kf1 Ra1# 0-1

[Event "CAN-op"]
[Site "Edmonton CAN"]
[Date "2005.07.17"]
[Round "10.97"]
[White "Pradzinski, Alex"]
[Black "Tuason, Alfred"]
[Result "0-1"]
[WhiteElo "1236"]
[BlackElo "1356"]
[PlyCount "138"]
[GameId "2160767910967812"]
[EventDate "2005.07.09"]
[EventType "swiss"]
[EventRounds "10"]
[EventCountry "CAN"]

1. e4 e6 2. d4 d5 3. e5 c5 4. c3 a6 5. Nf3 Nc6 6. Be2 Be7 7. O-O Qc7 8. h3 f6 9. Bf4 Bd7 10. Qd2 c4 11. exf6 Qd8 12. fxg7 Bf6 13. gxh8=Q Bxh8 14. Be5 Nxe5 15. dxe5 Qe7 16. Rd1 O-O-O 17. Qg5 Rf8 18. Qxe7 Nxe7 19. Nd4 Bxe5 20. Bg4 Bxd4 21. cxd4 Nf5 22. Nc3 Kc7 23. Rac1 b5 24. Ne2 Nd6 25. b3 Kb6 26. bxc4 Nxc4 27. h4 Rg8 28. Bf3 Nb2 29. Rd2 Nc4 30. Rdc2 b4 31. g3 Be8 32. Nf4 Rf8 33. Nh5 Rxf3 34. Ng7 Bd7 35. Kg2 Rf7 36. Nh5 a5 37. Rb1 Na3 38. Rbc1 Nxc2 39. Rxc2 a4 40. Rb2 Kb5 41. a3 b3 42. f4 Kc4 43. g4 Kc3 44. Rb1 b2 45. Rf1 Kb3 46. g5 Ka2 47. Kg3 b1=Q 48. Rxb1 Kxb1 49. Kg4 Kb2 50. Nf6 Kxa3 51. Nxd7 Rxd7 52. f5 exf5+ 53. Kxf5 Kb3 54. Ke6 Ra7 55. Kxd5 a3 56. Ke6 a2 57. d5 a1=Q 58. d6 Qe1+ 59. Kf6 Qxh4 60. Ke6 Qe4+ 61. Kf6 Qg6+ 62. Ke5 Rd7 63. Kd5 Qxd6+ 64. Ke4 Re7+ 65. Kf3 Qd5+ 66. Kg3 Rf7 67. Kh4 Qe4+ 68. Kh5 Rf4 69. Kh6 Qg6# 0-1

[Event "CAN-op"]
[Site "Edmonton CAN"]
[Date "2005.07.17"]
[Round "10.98"]
[White "Dean, Earl"]
[Black "Bullerkist, Caitlin"]
[Result "1-0"]
[WhiteElo "1296"]
[BlackElo "1226"]
[PlyCount "103"]
[GameId "2160767910967813"]
[EventDate "2005.07.09"]
[EventType "swiss"]
[EventRounds "10"]
[EventCountry "CAN"]

1. e4 e5 2. Nf3 Nc6 3. Bb5 Nf6 4. O-O Bc5 5. c3 h6 6. Bxc6 dxc6 7. Re1 Bg4 8. d4 exd4 9. cxd4 Bb6 10. e5 Nd7 11. h3 Bf5 12. Nbd2 O-O 13. Nf1 Re8 14. Ng3 Be6 15. Re4 Bd5 16. Rh4 Bxf3 17. Qxf3 Qxh4 18. Nf5 Qd8 19. Qg4 g6 20. Nxh6+ Kf8 21. Be3 c5 22. Rd1 Nb8 23. dxc5 Qc8 24. Qxc8 Rxc8 25. cxb6 axb6 26. a3 Nc6 27. f4 Rd8 28. Rc1 f5 29. exf6 Re8 30. Kf2 Re6 31. Ng4 Rc8 32. Kg3 Nb8 33. b4 Nd7 34. Bd4 c5 35. Bc3 cxb4 36. Bxb4+ Kf7 37. Rxc8 Nxf6 38. Rc7+ Ke8 39. Nxf6+ Rxf6 40. Rxb7 Kd8 41. Kg4 Kc8 42. Rh7 Kd8 43. Kg5 Rc6 44. h4 b5 45. h5 gxh5 46. Kxh5 Rf6 47. Kg5 Ra6 48. f5 Ra8 49. f6 Ke8 50. f7+ Kd7 51. f8=Q+ Ke6 52. Qf5# 1-0

[Event "CAN-op"]
[Site "Edmonton CAN"]
[Date "2005.07.17"]
[Round "10.99"]
[White "Milner, Din"]
[Black "Pradzinski, Stephanie"]
[Result "1-0"]
[WhiteElo "1132"]
[BlackElo "867"]
[PlyCount "39"]
[GameId "2160767910967814"]
[EventDate "2005.07.09"]
[EventType "swiss"]
[EventRounds "10"]
[EventCountry "CAN"]

1. e4 e5 2. Nf3 Nc6 3. d4 Nf6 4. Nxe5 Nxe5 5. dxe5 Nxe4 6. Qd5 f5 7. exf6 Nxf6 8. Qf3 Be7 9. Bd3 O-O 10. Qg3 Nh5 11. Qh3 d6 12. Qxh5 g6 13. Qd5+ Rf7 14. Bc4 Qf8 15. Bh6 Qe8 16. O-O Bf6 17. Nd2 Bxb2 18. Rae1 Qd7 19. Qxf7+ Qxf7 20. Re8# 1-0

[Event "CYCC U10"]
[Site "Victoria CAN"]
[Date "2005.03.24"]
[Round "1.2"]
[White "Kaminski, Thomas"]
[Black "Constantinescu, Vlad"]
[Result "1-0"]
[WhiteElo "1786"]
[BlackElo "1094"]
[PlyCount "69"]
[GameId "2160767910968937"]
[EventDate "2005.03.24"]
[EventType "swiss"]
[EventRounds "7"]
[EventCountry "CAN"]

1. d4 d5 2. c4 c6 3. Nf3 Nf6 4. Nc3 dxc4 5. e4 Bg4 6. Bxc4 e6 7. Bg5 Be7 8. O-O Nbd7 9. h3 Bh5 10. e5 Nd5 11. Bxe7 Qxe7 12. Ne4 g5 13. Nd6+ Kd8 14. Nxb7+ Kc7 15. Nd6 Bxf3 16. Qxf3 f5 17. Bxd5 cxd5 18. Rac1+ Kd8 19. Qc3 Qg7 20. Qc7+ Ke7 21. Nb5 Rhd8 22. Nxa7 Ke8 23. Nc6 Rdc8 24. Qd6 Ra6 25. Qxe6+ Kf8 26. Qxf5+ Kg8 27. Ne7+ Qxe7 28. Rxc8+ Kg7 29. Rc7 Re6 30. f4 gxf4 31. Rxf4 Kg8 32. Rg4+ Rg6 33. Rxg6+ hxg6 34. Qxg6+ Kh8 35. e6 1-0

[Event "CYCC U10"]
[Site "Victoria CAN"]
[Date "2005.03.24"]
[Round "1.3"]
[White "Sabaratnam, Thiruvaran"]
[Black "Inigo, Aquino"]
[Result "0-1"]
[WhiteElo "1070"]
[BlackElo "1709"]
[PlyCount "58"]
[GameId "2160767910968938"]
[EventDate "2005.03.24"]
[EventType "swiss"]
[EventRounds "7"]
[EventCountry "CAN"]

1. e4 e6 2. d4 d5 3. Nc3 Bb4 4. Bd3 dxe4 5. Bxe4 Nf6 6. Qe2 Qxd4 7. Bd2 Bxc3 8. Bxc3 Qxe4 9. Bxf6 Qxe2+ 10. Nxe2 gxf6 11. Nc3 a6 12. f4 b6 13. O-O Bb7 14. g3 O-O 15. Rad1 Nc6 16. Ne4 Kg7 17. Rfe1 Rad8 18. Nf2 Rxd1 19. Rxd1 Rd8 20. Rc1 Rd2 21. Ne4 Re2 22. Nf2 Nd4 23. Nd3 Nf3+ 24. Kf1 Rxh2 25. g4 Nd2+ 26. Ke1 Nc4 27. Kf1 Ne3+ 28. Ke1 Bf3 29. g5 Re2# 0-1

[Event "CYCC U10"]
[Site "Victoria CAN"]
[Date "2005.03.24"]
[Round "1.5"]
[White "Duncalfe, Clay"]
[Black "Cheng, Jack"]
[Result "0-1"]
[WhiteElo "954"]
[BlackElo "1545"]
[PlyCount "42"]
[GameId "2160767910968940"]
[EventDate "2005.03.24"]
[EventType "swiss"]
[EventRounds "7"]
[EventCountry "CAN"]

1. e4 e5 2. Bc4 Nf6 3. c3 Nxe4 4. Qb3 Qf6 5. Bb5 Nxf2 6. Ba4 Nxh1 7. Qb5 Qf2+ 8. Kd1 Qxg1+ 9. Ke2 Qxg2+ 10. Kd1 Qxh2 11. Kc2 c6 12. Qxe5+ Qxe5 13. a3 d5 14. Ra2 Bf5+ 15. Kb3 Bxb1 16. Ra1 Bf5 17. c4 dxc4+ 18. Kxc4 Qd5+ 19. Kc3 Be7 20. Bb3 Bf6+ 21. d4 Qxd4# 0-1

[Event "CYCC U10"]
[Site "Victoria CAN"]
[Date "2005.03.24"]
[Round "1.6"]
[White "Qin, Zi Yi (Joey)"]
[Black "Gann, Connor"]
[Result "1-0"]
[WhiteElo "1533"]
[BlackElo "922"]
[PlyCount "55"]
[GameId "2160767910968941"]
[EventDate "2005.03.24"]
[EventType "swiss"]
[EventRounds "7"]
[EventCountry "CAN"]

1. e4 e5 2. Nf3 Nc6 3. Bb5 d6 4. d4 Bd7 5. Be3 Nf6 6. Nc3 g6 7. O-O Bg7 8. dxe5 dxe5 9. Bg5 Qc8 10. Nd5 Nxd5 11. Qxd5 O-O 12. Rfd1 Bg4 13. Bxc6 bxc6 14. Qd3 Rb8 15. b3 c5 16. h3 Bxf3 17. Qxf3 Qe6 18. Rd2 a5 19. Rad1 Rfe8 20. Rd7 Rbc8 21. Qc3 c4 22. Qxa5 Ra8 23. Qxc7 Rxa2 24. Rd8 Rxd8 25. Rxd8+ Bf8 26. Bh6 Ra1+ 27. Kh2 Qxh3+ 28. gxh3 1-0

[Event "CYCC U10"]
[Site "Victoria CAN"]
[Date "2005.03.24"]
[Round "1.7"]
[White "Zhao, Donovan"]
[Black "Knox, Christopher"]
[Result "1/2-1/2"]
[WhiteElo "862"]
[BlackElo "1505"]
[PlyCount "67"]
[GameId "2160767910968942"]
[EventDate "2005.03.24"]
[EventType "swiss"]
[EventRounds "7"]
[EventCountry "CAN"]

1. e4 c5 2. Nf3 Nc6 3. d4 cxd4 4. Nxd4 g6 5. Nc3 Bg7 6. Be3 Nf6 7. f3 Qb6 8. Rb1 Nxe4 9. fxe4 Nxd4 10. Nd5 Qa5+ 11. c3 Ne6 12. b4 Qxa2 13. Be2 O-O 14. Nxe7+ Kh8 15. Nd5 Qa3 16. Qc2 f5 17. O-O fxe4 18. Rxf8+ Nxf8 19. Rf1 d6 20. Bd4 Bxd4+ 21. cxd4 Be6 22. Qxe4 Bxd5 23. Qxd5 Qe3+ 24. Rf2 Ne6 25. Qxd6 Rf8 26. Qe5+ Qxe5 27. dxe5 Rxf2 28. Kxf2 Kg7 29. Ke3 Kf7 30. Ke4 Ke7 31. h4 h6 32. g4 g5 33. hxg5 hxg5 34. Bc4 1/2-1/2

[Event "CYCC U10"]
[Site "Victoria CAN"]
[Date "2005.03.24"]
[Round "1.9"]
[White "McDonald, Garrett"]
[Black "Milner, Arie"]
[Result "0-1"]
[WhiteElo "840"]
[BlackElo "1405"]
[PlyCount "66"]
[GameId "2160767910968943"]
[EventDate "2005.03.24"]
[EventType "swiss"]
[EventRounds "7"]
[EventCountry "CAN"]

1. d4 c6 2. c4 d5 3. Nc3 Nf6 4. e3 a6 5. Nf3 Bg4 6. h3 Bxf3 7. Qxf3 e6 8. Bd3 Be7 9. O-O Nbd7 10. e4 dxc4 11. Bxc4 Nb6 12. Bd3 Qxd4 13. Be3 Qd8 14. e5 Nfd5 15. Rae1 Nxc3 16. bxc3 Qxd3 17. Bxb6 Qxf3 18. gxf3 Bd8 19. Bc5 b6 20. Bd6 Rc8 21. Rb1 b5 22. Rfd1 Be7 23. Rb4 Rd8 24. Rbd4 Bxd6 25. Rxd6 Ke7 26. f4 c5 27. f5 exf5 28. R1d5 Rhe8 29. a3 c4 30. h4 Rxd6 31. exd6+ Kd7 32. f4 g6 33. Re5 Re6 0-1

[Event "CYCC U10"]
[Site "Victoria CAN"]
[Date "2005.03.24"]
[Round "1.10"]
[White "Cannon, Farley"]
[Black "Leu, Steven"]
[Result "1-0"]
[WhiteElo "1351"]
[BlackElo "794"]
[PlyCount "65"]
[GameId "2160767910968944"]
[EventDate "2005.03.24"]
[EventType "swiss"]
[EventRounds "7"]
[EventCountry "CAN"]

1. e4 c5 2. d4 cxd4 3. c3 dxc3 4. Nxc3 Nc6 5. Nf3 e5 6. Bc4 Nf6 7. O-O Bb4 8. Bg5 O-O 9. Nd5 Be7 10. Nxe7+ Qxe7 11. Qe2 h6 12. Bh4 d6 13. h3 Be6 14. Rac1 Bxc4 15. Rxc4 Qe6 16. Bxf6 Qxf6 17. Rd1 Rad8 18. Rc3 Rd7 19. Rcd3 Rfd8 20. Qd2 a6 21. Ne1 Ne7 22. Nc2 d5 23. Ne3 d4 24. Ng4 Qe6 25. Rg3 Ng6 26. a3 Rd6 27. Rc1 b6 28. Rc7 R6d7 29. Rxd7 Qxd7 30. Qc2 Re8 31. Qd3 b5 32. Qd2 h5 33. Ne3 1-0